000 01163nam a22003857a 4500
003 CHAP
005 20220817044056.0
008 060203d2004 it rn 00110 spa d
010 _a91633
011 _a92605
020 _a9253044772
035 _a103170
040 _cCHAP
082 0 4 _a641
_bF3Y v.71
110 2 _aFAO
245 1 3 _aLa evaluación de riesgos asociados a los peligros microbiológicos en los alimentos
_c/por FAO
260 _aRoma :
_bFAO,
_c2004.
300 _a55 p.
410 2 0 _aFAO
490 0 _aAlimentación y nutrición
_v; 71
590 _aBATCH-UPD
_b10
_c20130110
_lUCH01
_h0843
590 _aBATCH-UPD
_b10
_c20130410
_lUCH01
_h0518
590 _aBATCH-UPD
_b10
_c20130914
_lUCH01
_h0210
590 _aCONVERSION
_b10
_c20130109
_lUCH01
_h1351
650 1 4 _aAlimentos
_xAnálisis.
_94164
650 1 4 _aAlimentos
_xBacteriología.
_94171
650 1 4 _aInocuidad alimentaria.
_958836
650 1 4 _aMicrobiología.
_975490
810 0 _aFAO
830 0 0 _aAlimentacion y nutricion
_v; 71
_94112
901 _aBK
905 _aLilia
942 _cLIBRO
949 _a641 F3Y v.71
_bBC
_cFAO
_d33724000979266
_eFAO1
_h107672
_i103170
_sb
999 _c91633
_d91633